000
00214 a2200097 4500
001
10800
100
_a
Brawn. W. V.
245
_a
first Men to the Moon
260
_a
_b
Frederich Muller Ltd
_c
090
_c
8387
_d
8387
942
_a
NUST-CAE
_c
M
_c
35141
999
_c
245873
_d
245873